Pocket book for simulation debriefing in healthcare / (Record no. 30635)
[ view plain ]
| 000 -LEADER | |
|---|---|
| fixed length control field | 00857nam a22002775i 4500 |
| 001 - CONTROL NUMBER | |
| control field | 20008553 |
| 005 - DATE AND TIME OF LATEST TRANSACTION | |
| control field | 20200109101406.0 |
| 008 - FIXED-LENGTH DATA ELEMENTS--GENERAL INFORMATION | |
| fixed length control field | 170919s2017 nyu 000 0 eng |
| 010 ## - LIBRARY OF CONGRESS CONTROL NUMBER | |
| LC control number | 2017955550 |
| 020 ## - INTERNATIONAL STANDARD BOOK NUMBER | |
| International Standard Book Number | 9783319598819 |
| 040 ## - CATALOGING SOURCE | |
| Original cataloging agency | DLC |
| Language of cataloging | eng |
| Description conventions | rda |
| Transcribing agency | DLC |
| 042 ## - AUTHENTICATION CODE | |
| Authentication code | pcc |
| 050 ## - LIBRARY OF CONGRESS CALL NUMBER | |
| Classification number | R837.S55 |
| Item number | O75 2018 |
| 100 1# - MAIN ENTRY--PERSONAL NAME | |
| Personal name | Oriot, Denis. |
| 245 10 - TITLE STATEMENT | |
| Title | Pocket book for simulation debriefing in healthcare / |
| Statement of responsibility, etc. | Denis Oriot, Guillaume Alinier. |
| 260 ## - PUBLICATION, DISTRIBUTION, ETC. (IMPRINT) | |
| Place of publication, distribution, etc. | Cham : |
| Name of publisher, distributor, etc. | Springer, |
| Date of publication, distribution, etc. | ©2018. |
| 263 ## - PROJECTED PUBLICATION DATE | |
| Projected publication date | 1710 |
| 300 ## - PHYSICAL DESCRIPTION | |
| Extent | xiii,107p. : |
| Other physical details | Col. ill. ; |
| Dimensions | 25 cm |
| 500 ## - GENERAL NOTE | |
| General note | Includes index. |
| 650 ## - SUBJECT ADDED ENTRY--TOPICAL TERM | |
| Topical term or geographic name as entry element | Medical education |
| 650 ## - SUBJECT ADDED ENTRY--TOPICAL TERM | |
| Topical term or geographic name as entry element | Health Education |
| General subdivision | methods. |
| 700 ## - ADDED ENTRY--PERSONAL NAME | |
| Personal name | Alinier, Guillaume |
| 906 ## - LOCAL DATA ELEMENT F, LDF (RLIN) | |
| a | 0 |
| b | ibc |
| c | orignew |
| d | 2 |
| e | epcn |
| f | 20 |
| g | y-gencatlg |
| 942 ## - ADDED ENTRY ELEMENTS (KOHA) | |
| Source of classification or shelving scheme | |
| Koha item type | Hard Covered Materials |
| Classification part | R837.S55O75 2018 |
| Withdrawn status | Lost status | Source of classification or shelving scheme | Damaged status | Not for loan | Home library | Current library | Shelving location | Date acquired | Source of acquisition | Cost, normal purchase price | Total Checkouts | Full call number | Barcode | Date last seen | Price effective from | Koha item type |
|---|---|---|---|---|---|---|---|---|---|---|---|---|---|---|---|---|
| MACHAKOS UNIVERSITY LIBRARY | MACHAKOS UNIVERSITY LIBRARY | Open shelf | 09/01/2020 | Donation (DVC ASA ) EYS | 4487.07 | R837.S55O75 2018 | 23226 | 09/01/2020 | 09/01/2020 | Hard Covered Materials |